Cens de població 1991 : Vol. 1 : Avanç de dades municipals Vol. 1 :
Descripción Física:
156 p. ; 30 cm
MARC
| LEADER | 00000nam a2200000Ia 4500 | ||
|---|---|---|---|
| 001 | 11471 | ||
| 008 | 160829s1992 xx 000 0 cat d | ||
| 080 | |a M-1-61 | ||
| 245 | |a Cens de població 1991 : |b Vol. 1 : |b Avanç de dades municipals | ||
| 260 | |a Barcelona : |b Generalitat de Catalunya. Institut d'Estadística de Catalunya, |c 1992 | ||
| 300 | |a 156 p. ; |c 30 cm | ||
| 650 | |a Catalunya |x Estadístiques demogràfiques |9 24319 | ||
| 650 | |a Catalunya |x Cens, 1991 |9 20762 | ||
| 901 | |a Arxiu | ||
| 942 | |n 1 | ||
| 952 | |0 0 |1 0 |4 0 |6 M161 |7 1 |9 41654 |a Arxiu |b Arxiu |d 2016-12-01 |l 0 |o M-1-61 |p 11471 |r 2016-12-01 00:00:00 |w 2016-12-01 |y ARXIU | ||
| 999 | |c 43544 |d 43544 | ||